Differences in Japan's Security Policy: Comparison of Military Spendings

Významné faktory, prispievajúce k zmenám v bezpečnostnej politike Japonska, sú vplyv globalizácie, sekuritizácia a neustále sa vyvíjajúca situácia na medzinárodnej politickej scéne.

Guardado en:
Detalles Bibliográficos
Autor principal: Borošová, Lucia
Otros Autores: Drutarovská, Jana, 1989-
Formato: Capítulo de libro
Lenguaje:inglés
Materias:
Etiquetas: Agregar Etiqueta
Sin Etiquetas, Sea el primero en etiquetar este registro!

MARC

LEADER 00000naa a2200000 4500
001 0216262
005 20240502083542.7
041 0 |a eng 
044 |a UA 
245 1 0 |a Differences in Japan's Security Policy: Comparison of Military Spendings  |c Lucia Borošová, Jana Drutarovská 
520 |a Významné faktory, prispievajúce k zmenám v bezpečnostnej politike Japonska, sú vplyv globalizácie, sekuritizácia a neustále sa vyvíjajúca situácia na medzinárodnej politickej scéne. 
610 2 0 |a sily ozbrojené 
610 2 0 |a armáda 
610 2 0 |a výdavky na obranu a bezpečnosť 
610 2 0 |a Japonsko 
610 2 0 |a politika bezpečnostná 
100 1 |a Borošová, Lucia 
700 1 |a Drutarovská, Jana, 1989-